00667cam a22002411 4500001001300000003000400013005001700017008004100034010001700075035002000092040002000112042001200132050001900144100004000163240002200203245005400225250001500279260004900294300002900343440001700372500001900389999001700408sa 68009973 DLC20260227112549.0860224s1950 io a 000 1 ind  asa 68009973  a(OCoLC)13190842 aDLCcIDeKNdDLC apremarc00aPL5089.T8bP421 aToer, Pramoedya Ananta,d1925-2006.10aPercikan revolusi10aPertjikan revolusi /coleh Pramoedya Ananta Toer. a[Tjet. 1]. aDjakarta :bUsaha Penerbitan Gapura,c[1950] a196 p. :bill. ;c18 cm. 0aRoman Gapura aShort stories. c83268d83268